000 nam a22 a 4500
999 _c1434
_d1434
003 BLK
005 20230404142239.0
008 180412b bul|||||r ||||||| ||bul||
010 _aKNG00002267000
020 _a954-439-039-1
040 _aBLK
041 _aBUL
_cBUL
080 _aБългарска литература
_b821.163.2
_x-1
_z821.163.2-1
100 1 _aБагряна, Елисавета
_eпърви автор
_gБелчева, Елисавета Любомирова
_9244167
139 _aБагряна, Елисавета
_bБ 13
245 1 0 _aСтихотворения
_cЕлисавета Багряна; предг. и състав. Дора Колева.
257 _aBGR
260 _aВелико Търново
_bСлово
_c1992
_fРусе : Дунав прес
300 _a127 с.
_c20 см
380 _aX
490 _aМалка ученическа библиотека
_9201165
500 _aКор. загл. Поезия. - Доп тир.
700 1 _aКолева, Дора
_eпредг. и състав.
_9244168
852 _aЦб 172177
_bЦб
856 4 _qpdf
_u
_i0.00
_ldisable
856 4 _qpdf
_u
_i0.00
_ldisable
942 _cKNG
_n0
_s1
944 _aCR
_c15.01.2003
_kAB_DOS
944 _aED
_c10.01.2011
999 _d1434